000 01077nam a2200241Ia 4500
999 _c34771
_d34771
001 581
003 GE_BSU
005 20190507172146.0
008 181216s2004||||ge |||||||||||||| ||geo||
020 _a99928-0-764-4
040 _cGE_BSU
041 _ageo
080 _a796.5(075.8) მ-59
100 _aმეტრეველი, მარინა
_9834
245 _aტურიზმი და გარემოს დაცვა = Tourism and environment :
_cმარინა მეტრეველი. [რედ. : დ. ონოფრიშვილი].
_b(ეკოტურიზმის საფუძვლები) /
264 _aთბილისი :
_cშპს "ფორმა"
_b2004.
300 _a204 გვ ;
_c22 სმ.
504 _aბიბლიოგრ. : 193-199 გვ.
653 _aეკოტურიზმი
653 _aბუნების დაცვა საქართველოში
700 _aონოფრიშვილი, დავით
_eრედაქტორი
_9835
942 _cBK
_2udc